000 00449nam a2200157Ia 4500
003 GCL
008 140319s9999 xx 000 0 eng d
040 _aGCL /
_cGCL
082 0 4 _aCC
_b069.0932
_bM B
245 1 0 _aA BRIEF DESCRIPTION OF THE PRINCIPAL MONUMENTS
260 _aالقاهرة :
_bMINISTRY OF CULTURE AND NATIONAL ORIENTATION ،
_c1963
300 _a18 CM
650 0 4 _aEGYPTIAN MUSEUSM
650 0 4 _aEGYPT, MUSEUMS
942 _2ddc
_cBK
999 _c12326
_d12326